000 01329nam a2200397 a 4500
003 AR-BaBNM
005 20251128204243.0
008 082120s2002 ||||||||||||||000 | spa||
020 _a950-9843-28-8
040 _cAR-BaBNM
110 1 _aArgentina
_bCongreso
_bSenado
245 0 0 _aGuía de forasteros del Virreinato del Río de la Plata
_bediciones facsimilares de 1792 y 1803. 1
260 _aBuenos Aires
_bAcademia Nacional de la Historia {Buenos Aires}
_bSenado de la Nación
_c1992
300 _a229 p.
_bfacsím.
490 0 _aPlan de ediciones conmemorativas del V centenario
600 1 4 _aAraujo, José Joaquín de
650 4 _aVIRREINATO DEL RIO DE LA PLATA
650 4 _aPERIODO HISPANICO
650 4 _aLIBROS ANTIGUOS
650 4 _aINSTITUCIONES HISPANOAMERICANAS
650 4 _aFUNCIONARIOS PUBLICOS
650 4 _aHISTORIA CULTURAL
650 4 _aCRONOLOGIA
650 4 _aGUIAS
650 4 _aHISTORIA POLITICA
650 4 _aSIGLO DIECIOCHO
650 4 _aSIGLO DIECINUEVE
650 4 _aHISTORIA MILITAR
650 4 _aMATERIALES DE INFORMACION
651 4 _aArgentina
710 2 _aAcademia Nacional de la Historia [Argentina]
810 1 _aArgentina
_bCongreso
_bSenado
_bComisión de Cultura
810 2 _aAcademia Nacional de la Historia [Argentina]
942 _cBK
998 _cMariana
999 _c6727
_d6727